El espacio múltiple : (Record no. 20724)
[ view plain ]
| 000 -CABECERA | |
|---|---|
| campo de control de longitud fija | 00765nam a2200205 a 4500 |
| 005 - FECHA Y HORA DE LA ÚLTIMA TRANSACCIÓN | |
| campo de control | 20210223121614.0 |
| 008 - ELEMENTOS DE LONGITUD FIJA--INFORMACIÓN GENERAL | |
| campo de control de longitud fija | 991125c1999 mx 000 0 spa u |
| 035 ## - NÚMERO DE CONTROL DEL SISTEMA | |
| Número de control de sistema | UPN01000020724 |
| 049 ## - COLECCIÓN | |
| Colección | AV |
| 099 ## - CLASIFICACIÓN LOCAL | |
| Clasificación local | PV1 N 0796 |
| 100 1# - ASIENTO PRINCIPAL--NOMBRE PERSONAL | |
| Nombre de persona | Zapata, Erika |
| 245 13 - MENCIÓN DE TÍTULO | |
| Título | El espacio múltiple : |
| Resto del título | Manuel Felguérez / |
| Mención de responsabilidad, etc. | dir. Erika Zapata. |
| 260 ## - PUBLICACIÓN, DISTRIBUCIÓN, ETC. | |
| Lugar de publicación, distribución, etc. | México : |
| Nombre del editor, distribuidor, etc. | Canal 22 : |
| Lugar de publicación, distribución, etc. | CNCA, |
| Fecha de publicación, distribución, etc. | 1999. |
| 300 ## - DESCRIPCIÓN FÍSICA | |
| Extensión | 1 videocasete (VHS) (56 min.) |
| 440 #0 - MENCIÓN DE SERIE/ASIENTO SECUNDARIO--TÍTULO | |
| Título | Artes visuales. |
| Nombre de parte o sección de la obra | Creadores eméritos |
| 520 ## - NOTA DE RESUMEN, ETC. | |
| Sumario, etc. | Programa testimonial que aborda la vida y obra de Manuel Felguérez : el muralismo, la escultura monumental, la pintura, la gráfica y la investigación estética |
| 600 #4 - ASIENTO SECUNDARIO DE MATERIA - NOMBRE PERSONAL | |
| Nombre de persona | FELGUEREZ, MANUEL, - |
| Fechas asociadas al nombre | 1928- |
| 650 #4 - ASIENTO SECUNDARIO DE MATERIA - TERMINO TEMATICO | |
| Término de materia o nombre geográfico como elemento de entrada | ARTE ABSTRACTO |
| 9 (RLIN) | 2510 |
| 905 ## - TIPO DE MATERIAL | |
| Tipo de material | Audiovisuales |
| Estado de retiro | Estado de pérdida | Fuente del sistema de clasificación o colocación | Estado dañado | No para préstamo | Código de colección | Localización permanente | Ubicación/localización actual | Ubicación en estantería | Enumeración/cronología de publicación seriada | Total de préstamos | Clasificación | Código de barras | Fecha visto por última vez | Número de copia | Tipo de ítem Koha |
|---|---|---|---|---|---|---|---|---|---|---|---|---|---|---|---|
| Library of Congress Classification | Audiovisuales | Bib. Gregorio Torres Quintero | Bib. Gregorio Torres Quintero | Audiovisual | - | PVI N 0796 | 164840 | 31/12/2020 | 1 | Videocasete |
